Statistics for Easy General Knowledge

Click here to take the quiz!

General Stats

  • This quiz has been taken 58 times
  • The average score is 11 of 13

Answer Stats

HintAnswer% Correct
What is the most common eye color in the world?Brown
98%
What month is the 10th month of the year?October
98%
What country is the largest by land area?Russia
98%
What country borders the USA to the North?Canada
96%
What color is made from mixing red and yellow?Orange
94%
Who was the founder of Tesla?Elon Musk
92%
And what is the capital of that country?Moscow
88%
What social media app allows you to open a picture, and then it's immediately deleted?Snapchat
84%
What is the chemical formula for carbon dioxide?CO2
82%
What is the first letter of the Greek alphabet?Alpha
80%
What day of the week do Plastics wear pink?Wednesday
80%
How many countries are in the world, according to Jetpunk?196
67%
In what state was the fist African-American US President born?Hawaii
65%

Score Distribution

Percentile by Number Answered

Percent of People with Each Score

Your Score History

You have not taken this quiz